|
|
|
|
| LEADER |
01325nam a2200373Ia 4500 |
| 001 |
EBC3014801 |
| 003 |
MiAaPQ |
| 005 |
20200520144314.0 |
| 006 |
m o d | |
| 007 |
cr cn||||||||| |
| 008 |
950417s1995 dcua sb 000 0 eng d |
| 010 |
|
|
|z 95017823
|
| 020 |
|
|
|z 1557754853
|
| 020 |
|
|
|z 9781557754851
|
| 020 |
|
|
|a 9781455278954 (electronic bk.)
|
| 035 |
|
|
|a (MiAaPQ)EBC3014801
|
| 035 |
|
|
|a (Au-PeEL)EBL3014801
|
| 035 |
|
|
|a (CaPaEBR)ebr10557488
|
| 035 |
|
|
|a (CaONFJC)MIL384606
|
| 035 |
|
|
|a (OCoLC)793203760
|
| 040 |
|
|
|a MiAaPQ
|c MiAaPQ
|d MiAaPQ
|
| 050 |
|
4 |
|a HJ9733
|b .P73 1995
|
| 082 |
0 |
4 |
|a 350.72/31
|2 20
|
| 100 |
1 |
|
|a Premchand, A.,
|d 1933-
|
| 245 |
1 |
0 |
|a Effective government accounting
|h [electronic resource] /
|c A. Premchand.
|
| 260 |
|
|
|a Washington, D.C. :
|b International Monetary Fund,
|c 1995.
|
| 300 |
|
|
|a xii, 190 p. :
|b ill.
|
| 504 |
|
|
|a Includes bibliographical references (p. 186-190).
|
| 533 |
|
|
|a Electronic reproduction. Ann Arbor, MI : ProQuest, 2015. Available via World Wide Web. Access may be limited to ProQuest affiliated libraries.
|
| 650 |
|
0 |
|a Finance, Public
|x Accounting.
|
| 650 |
|
0 |
|a Accounting.
|
| 655 |
|
4 |
|a Electronic books.
|
| 710 |
2 |
|
|a ProQuest (Firm)
|
| 856 |
4 |
0 |
|u https://ebookcentral.proquest.com/lib/matrademy/detail.action?docID=3014801
|z Click to View
|